Nursing Care and ECMO
This book explores the unique aspects involved in the management of ECMO patients such as physiopathology and indications, setting up the device, monitoring ECMO and the patient, troubleshooting, ethical aspects and rehabilitation. For the past eight years, management of acute heart failure and Acut...
Saved in:
| Corporate Author | |
|---|---|
| Other Authors | , |
| Format | Electronic eBook |
| Language | English |
| Published |
Cham :
Springer International Publishing : Imprint: Springer,
2017.
|
| Subjects | |
| Online Access | Full text |
| ISBN | 9783319201016 |
| DOI | 10.1007/978-3-319-20101-6 |
| Physical Description | VIII, 125 p. 35 illus. in color. online resource. |
Cover
| LEADER | 00000nam a22000005i 4500 | ||
|---|---|---|---|
| 001 | 101604 | ||
| 003 | CZ-ZlUTB | ||
| 005 | 20251008112036.0 | ||
| 006 | m o d | ||
| 007 | cr nn 008mamaa | ||
| 008 | 170313s2017 gw | fs |||| 0|eng d | ||
| 999 | |c 101604 |d 101604 | ||
| 020 | |a 9783319201016 | ||
| 024 | 7 | |a 10.1007/978-3-319-20101-6 |2 doi | |
| 072 | 7 | |a 616 |x Patologie. Klinická medicína |2 Konspekt |9 14 | |
| 080 | |a 612.13-021.58:612.23 |2 MRF | ||
| 080 | |a 616.24-008.4-022.6 |2 MRF | ||
| 080 | |a 616-083 |2 MRF | ||
| 080 | |a 616-083.98:725.511.055 |2 MRF | ||
| 080 | |a (0.034.2:08) |2 MRF | ||
| 080 | |a (048.8:082) |2 MRF | ||
| 245 | 1 | 0 | |a Nursing Care and ECMO / |c edited by Chirine Mossadegh, Alain Combes. |
| 264 | 1 | |a Cham : |b Springer International Publishing : |b Imprint: Springer, |c 2017. | |
| 300 | |a VIII, 125 p. 35 illus. in color. |b online resource. | ||
| 336 | |a text |b txt |2 rdacontent | ||
| 337 | |a počítač |b c |2 rdamedia | ||
| 338 | |a online zdroj |b cr |2 rdacarrier | ||
| 506 | |a Plný text je dostupný pouze z IP adres počítačů Univerzity Tomáše Bati ve Zlíně nebo vzdáleným přístupem pro zaměstnance a studenty | ||
| 520 | |a This book explores the unique aspects involved in the management of ECMO patients such as physiopathology and indications, setting up the device, monitoring ECMO and the patient, troubleshooting, ethical aspects and rehabilitation. For the past eight years, management of acute heart failure and Acute Respiratory Distress Syndrome (ARDS) patients has been improved by the development of short-term assistance devices, with ECMO as a first line treatment. This highly informative book provides essential insights for ICU nurses at ECMO centers around the world, who face the substantial challenges involved in the management of ECMO patients. Above all, it meets their training needs with regard to bedside monitoring for these patients, which has become a major issue. The editors and most of the contributors serve at La Pitié-Salpétrière ICU, France, which, in terms of the number of admissions and major publications produced, is one of the world's leading authorities on ECMO.- Resumé vydavatel | ||
| 650 | 0 | 7 | |a extrakorporální membránová oxygenace |7 ph801952 |2 czenas |
| 650 | 0 | 7 | |a syndrom akutní respirační tísně |7 ph880128 |2 czenas |
| 650 | 0 | 7 | |a ošetřovatelská péče |7 ph162660 |2 czenas |
| 650 | 0 | 7 | |a jednotky intenzivní péče |7 ph187965 |2 czenas |
| 650 | 0 | 9 | |a extracorporeal membrane oxygenation |2 eczenas |
| 650 | 0 | 9 | |a acute resoiratory distress syndrome |2 eczenas |
| 650 | 0 | 9 | |a nursing care |2 eczenas |
| 650 | 0 | 9 | |a intensive care units |2 eczenas |
| 655 | 7 | |a elektronické knihy |7 fd186907 |2 czenas | |
| 655 | 7 | |a kolektivní monografie |7 fd501537 |2 czenas | |
| 655 | 9 | |a electronic books |2 eczenas | |
| 655 | 9 | |a collective monographs |2 eczenas | |
| 700 | 1 | |a Mossadegh, Chirine. |e editor. | |
| 700 | 1 | |a Combes, Alain. |e editor. | |
| 710 | 2 | |a SpringerLink (Online service) | |
| 776 | 0 | 8 | |i Printed edition: |z 9783319201009 |
| 856 | 4 | 0 | |u https://proxy.k.utb.cz/login?url=http://dx.doi.org/10.1007/978-3-319-20101-6 |
| 942 | |2 udc | ||
| 992 | |c NTK-SpringerMED | ||
| 993 | |x NEPOSILAT |y EIZ | ||